| 000 | 01137nam a2200325 a 4500 | ||
|---|---|---|---|
| 001 | 000115639 | ||
| 003 | CHAP | ||
| 005 | 20220329144543.0 | ||
| 008 | 190618s2015 mx |r| ||||||spa d | ||
| 010 | _a112100 | ||
| 011 | _a113072 | ||
| 020 | _a9786073134118 | ||
| 040 | _cCHAP | ||
| 082 | 0 | 4 |
_a616.84 _bP45 |
| 100 | 1 |
_aPerlmutter, David. _9136096 |
|
| 245 | 1 | 0 |
_aAlimenta tu cerebro : _bel sorprendente poder de la flora intestinal para sanar y proteger tu cerebro... de por vida / _cpor David Perlmutter y Kristin Loberg. |
| 260 |
_aCiudad de México : _bPenguin Random House Grupo Editorial, _c2015. |
||
| 300 | _a357 p. | ||
| 490 | _aGrijalbo vital | ||
| 534 |
_pTít. original : _tThe Power of Gut Microbes in Head and Protect Your Brain-for Life |
||
| 590 |
_aBATCH-UPD _b05 _c20190618 _lUCH01 _h1001 |
||
| 590 |
_aE5765TAJ _b05 _c20190618 _lUCH01 _h1000 |
||
| 650 | 1 | 4 |
_aCerebro _xEnfermedades _xAspectos nutricionales. _9136098 |
| 650 | 1 | 4 |
_aSistema gastrointestinal _xMicrobiología. _9136099 |
| 700 | 1 |
_aLoberg, Kristin. _9136097 |
|
| 830 | 0 |
_aGrijalbo vital _9136151 |
|
| 901 | _aBK | ||
| 942 | _cLIBRO | ||
| 942 | _n0 | ||
| 999 |
_c112100 _d112100 |
||